New Directions in the Study of Language /

Compilación de diversas ponencias presentadas en el 17 Congreso Iinternacional de Psicología llevado a cabo en 1963 en la ciudad de Washington. El tema central del congreso fue el estudio del lenguaje humano. Así se abordó la capacidad individual de la adquisición temprana del lenguaje; Aspectos ant...

Descripción completa

Guardado en:
Detalles Bibliográficos
Autor corporativo: Congreso Internacional de Psicología ( Washington)
Otros autores: Lenneberg, Eric H. (edición) (edición)
Formato: Procedimiento de la conferencia Libro
Idioma:Inglés
Publicado: Cambridge, EUA : Massachusetts Institute of Technology, 1964, c1964
Temas:
Etiquetas: Agrega una etiqueta
Sin etiquetas, Sé el primero en etiquetar este registro!

MARC

LEADER 00000nam^a2200000^a^4500
001 000182235
005 20250521000000.0
009 20260310102000.397
037 |a Acervo ITESO - Biblioteca 
041 |a ING 
082 |a 150.  |b CIP NEW 1963 
111 |a Congreso Internacional de Psicología (  |n 17ª :  |d 1963 :  |c Washington) 
245 1 0 |a New Directions in the Study of Language /  |c Ed. E.H. Lenneberg. 
264 4 |a Cambridge, EUA :  |b Massachusetts Institute of Technology,  |c 1964, c1964 
300 |a IX, 194 p. 
336 |a texto  |b txt  |2 rdacontenido 
337 |a sin mediación  |b n  |2 rdamedio 
338 |a volumen  |b nc  |2 rdasoporte 
520 |a Compilación de diversas ponencias presentadas en el 17 Congreso Iinternacional de Psicología llevado a cabo en 1963 en la ciudad de Washington. El tema central del congreso fue el estudio del lenguaje humano. Así se abordó la capacidad individual de la adquisición temprana del lenguaje; Aspectos antropológicos del lenguaje; Una perspectiva biológica del lenguaje; Lenguaje y psicología; Tres procesos en la adquisición infantil de la sintaxis; Imitacion y cambios estructurales en el lenguaje infantil. 
649 |a XX 
650 |a Niños -  |x Condiciones Sociales y Culturales 
650 |a Niños -  |x Condiciones Psicológicas 
650 |a Lenguaje (Adquisición) -  |x Congresos -  |x Tema Principal 
650 |a Aprendizaje 
650 |a Problemas de Aprendizaje 
650 |a Competencia Comunicativa 
650 |a Competencias (Educación) 
650 |a Lenguaje y Pensamiento 
650 |a Lenguaje -  |x Tema Principal 
650 |a Psicología Cognitiva 
650 |a Lingüística 
650 |a Psicolingüística 
650 |a Psicología Evolutiva 
650 |a Psicología Educativa 
650 |a Psicología -  |x Congresos 
700 |a Lenneberg, Eric H.  |e (edición) 
910 |a Fondo General 
920 |a Impresos - Libros 
930 |a Colección General 
905 |a 101 
901 |a 0500122258  |b IT1  |c ACC  |u 20250521 
902 |a https://opac.biblio.iteso.mx/vufind/Record/000182235